Catálogo de la Biblioteca Horacio González - Universidad Nacional de General Sarmiento

El lenguaje y los problemas del conocimiento : (Registro nro. 18780)

Detalles MARC
000 -CABECERA
campo de control de longitud fija 01135nam a22003010a 4500
001 - NÚMERO DE CONTROL
campo de control PT21750
003 - IDENTIFICADOR DEL NÚMERO DE CONTROL
campo de control AR-LpoUNG
005 - FECHA Y HORA DE LA ÚLTIMA TRANSACCIÓN
campo de control 20210131233027.0
008 - DATOS DE LONGITUD FIJA--INFORMACIÓN GENERAL
campo de control de longitud fija 191001s2002||||sp |||||||||||||||||spa d
020 ## - NÚMERO INTERNACIONAL ESTÁNDAR DEL LIBRO
Número Internacional Estándar del Libro 8477748527
Condiciones de disponibilidad $11,6
040 ## - FUENTE DE LA CATALOGACIÓN
Centro catalogador/agencia de origen AR-LpoUNG
Lengua de catalogación spa
Centro/agencia transcriptor AR-LpoUNG
Normas de descripción aacr
041 ## - CÓDIGO DE LENGUA
Código de lengua del texto/banda sonora o título independiente spa
044 ## - CÓDIGO DEL PAÍS DE LA ENTIDAD EDITORA/PRODUCTORA
Código MARC del país sp
082 0# - NÚMERO DE LA CLASIFICACIÓN DECIMAL DEWEY
Número de clasificación 410 548len
100 1# - ENTRADA PRINCIPAL--NOMBRE DE PERSONA
Nombre de persona Chomsky, Noam
245 13 - MENCIÓN DE TÍTULO
Título El lenguaje y los problemas del conocimiento :
Resto del título conferencias de Managua 1
260 ## - PUBLICACIÓN, DISTRIBUCIÓN, ETC.
Lugar de publicación, distribución, etc. Madrid :
Nombre del editor, distribuidor, etc. A. Machado,
Fecha de publicación, distribución, etc. 2002.
300 ## - DESCRIPCIÓN FÍSICA
Extensión 177 p. :
Otras características físicas gráfs.
520 ## - SUMARIO, ETC.
Sumario, etc. El autor ha estudiado dos temas: el "problema de Platón" (¿cómo sabemos tanto a partir de tan pocos datos?) y el "problema de Orwell" (¿cómo se logra que cerremos los ojos a datos obvios?). Se trata de conferencias para un público no especializado, a cuya riqueza temática se une el interés de unos coloquios sin prejuicios.
650 #4 - PUNTO DE ACCESO ADICIONAL DE MATERIA--TÉRMINO DE MATERIA
Término de materia o nombre geográfico como elemento de entrada CONOCIMIENTO
650 #4 - PUNTO DE ACCESO ADICIONAL DE MATERIA--TÉRMINO DE MATERIA
Término de materia o nombre geográfico como elemento de entrada INVESTIGACION
650 #4 - PUNTO DE ACCESO ADICIONAL DE MATERIA--TÉRMINO DE MATERIA
Término de materia o nombre geográfico como elemento de entrada LINGUISTICA
651 #4 - PUNTO DE ACCESO ADICIONAL DE MATERIA--NOMBRE GEOGRÁFICO
Nombre geográfico DOCUMENTOS TEORICOS O METODOLOGICOS
700 1# - PUNTO DE ACCESO ADICIONAL--NOMBRE DE PERSONA
Nombre de persona Alegría, Claribel
Término indicativo de función/relación tr.
700 1# - PUNTO DE ACCESO ADICIONAL--NOMBRE DE PERSONA
Nombre de persona Flakoll, D. J.
Término indicativo de función/relación tr.
905 ## - ELEMENTOS DE DATOS E LOCAL, LDE (RLIN)
a 21750
942 ## - ELEMENTOS DE PUNTO DE ACCESO ADICIONAL (KOHA)
Tipo de ítem Koha Libro
Existencias
Estado de retiro Estado de pérdida Estado dañado No para préstamo Código de colección Localización permanente Ubicación/localización actual Fecha de adquisición Total de préstamos Renovaciones totales Signatura topográfica completa Código de barras Fecha visto por última vez Fecha del último préstamo Precio válido a partir de Tipo de ítem Koha
        Colección General Biblioteca Universidad Nacional de General Sarmiento Biblioteca Universidad Nacional de General Sarmiento 31/01/2021 1 1 410 548len 00026253 01/09/2023 18/08/2023 31/01/2021 Libro
        Colección General Biblioteca Universidad Nacional de General Sarmiento Biblioteca Universidad Nacional de General Sarmiento 31/01/2021 1   410 548len 00027889 19/03/2025 12/03/2025 31/01/2021 Libro
        Colección General Biblioteca Universidad Nacional de General Sarmiento Biblioteca Universidad Nacional de General Sarmiento 31/01/2021     410 548len 00027890 31/01/2021   31/01/2021 Libro
        Colección General Biblioteca Universidad Nacional de General Sarmiento Biblioteca Universidad Nacional de General Sarmiento 31/01/2021     410 548len 00027891 31/01/2021   31/01/2021 Libro
        Colección General Biblioteca Universidad Nacional de General Sarmiento Biblioteca Universidad Nacional de General Sarmiento 31/01/2021     410 548len 00053683 31/01/2021   31/01/2021 Libro
        Colección General Biblioteca Universidad Nacional de General Sarmiento Biblioteca Universidad Nacional de General Sarmiento 31/01/2021     410 548len S00026254 31/01/2021   31/01/2021 Lectura en Sala